[Event "IV Open"]
[Site "Palma ESP"]
[Date "2009.11.24"]
[Round "5"]
[White "Rozentalis,E"]
[Black "Abergel,T"]
[Result "1-0"]
[WhiteElo "2611"]
[BlackElo "2533"]

1.e4 c5 2.Nf3 d6 3.Bb5+ Nc6 4.O-O Bd7 5.Re1 Nf6 6.h3 Ne5 7.a4 Bxb5 8.axb5 g6
9.Nxe5 dxe5 10.Na3 Bg7 11.Nc4 Nh5 12.d3 O-O 13.Be3 b6 14.Ra6 Qe8 15.Qa1 Qxb5
16.Rxa7 Rab8 17.Rxe7 Ra8 18.Ra7 Rab8 19.Rc7 Ra8 20.Qc1 Nf6 21.Bh6 Bxh6 22.Qxh6 Qb4
23.Qd2 Qxd2 24.Nxd2 Rfe8 25.Nc4 Re6 26.Rb7 Ra6 27.Rb1 Ne8 28.Ne3 Nd6 29.Rb8+ Kg7
30.Nd5 Ne8 31.g4 f6 32.b4 cxb4 33.Rxb4 Ra2 34.Rc4 Rb2 35.Rcc8 Kf7 36.Rb7+  1-0

[Event "ch-RSA"]
[Site "Cape Town RSA"]
[Date "2009.12.01"]
[Round "6"]
[White "Gluckman,D"]
[Black "Van den Heever,D"]
[Result "1/2-1/2"]
[WhiteElo "2276"]
[BlackElo "2266"]

1.e4 c5 2.Nf3 d6 3.Bb5+ Nd7 4.O-O Nf6 5.Re1 a6 6.Bf1 e5 7.a4 b6 8.Bc4 h6
9.c3 Bb7 10.Qb3 Qe7 11.d3 g6 12.Na3 Bg7 13.Nh4 Rb8 14.g3 Bc8 15.Qd1 Nf8 16.Rb1 Ne6
17.b4 O-O 18.b5 a5 19.Nc2 Kh7 20.Ne3 Ng5 21.Rb2 Qd8 22.Nd5 Nh3+ 23.Kh1 Ng4
24.Rf1 f5 25.f3 Nf6 26.Ng2 f4 27.gxf4 Nxd5 28.Bxd5 exf4 29.d4 g5 30.Re2 g4
31.e5 dxe5 32.dxe5 Ng5 33.Nh4 Be6 34.Qd3+ Kg8 35.c4 gxf3 36.Nxf3 Qe8 37.h4 Nxf3
38.Qxf3 Qe7 39.Bxf4 Kh8 40.Qe3  1/2-1/2

[Event "1st ACP Women World Rapid Cup"]
[Site "Konya TUR"]
[Date "2009.12.02"]
[Round "7"]
[White "Klinova,M"]
[Black "Kosteniuk,A"]
[Result "0-1"]
[WhiteElo "2305"]
[BlackElo "2517"]

1.e4 c5 2.Nf3 d6 3.Bb5+ Nc6 4.Bxc6+ bxc6 5.O-O e5 6.c3 f5 7.exf5 Bxf5 8.d4 cxd4
9.cxd4 e4 10.Nfd2 Nf6 11.f3 exf3 12.Qxf3 Bd7 13.Nc3 Be7 14.d5 O-O 15.dxc6 Qb6+
16.Qf2 Qxc6 17.Nf3 d5 18.h3 Ne4 19.Qe2 Bc5+ 20.Be3 Ng3 21.Qd2 Nxf1 22.Rxf1 Rae8
23.Bxc5 Qxc5+ 24.Kh1 d4  0-1

[Event "ch-RSA"]
[Site "Cape Town RSA"]
[Date "2009.12.03"]
[Round "8"]
[White "Gluckman,D"]
[Black "Mosetlhe,K"]
[Result "0-1"]
[WhiteElo "2276"]
[BlackElo "2100"]

1.e4 c5 2.Nf3 d6 3.Bb5+ Bd7 4.Bxd7+ Qxd7 5.c4 Nc6 6.O-O Nf6 7.Nc3 g6 8.d4 cxd4
9.Nxd4 Bg7 10.Re1 O-O 11.Be3 Rfc8 12.Rc1 Nxd4 13.Qxd4 Ng4 14.Qd5 Nxe3 15.fxe3 Rc5
16.Qd3 Bxc3 17.Rxc3 Qe6 18.Rec1 Rac8 19.h3 Re5 20.a3 Rxe4 21.Qd5 Rc7 22.Qa5 b6
23.Qg5 Rc5  0-1

[Event "2nd Dragon Capital"]
[Site "Ho Chi Minh City VIE"]
[Date "2009.12.03"]
[Round "1"]
[White "Chan Wei Xuan,T"]
[Black "Bui Kim Le"]
[Result "1-0"]
[WhiteElo "2344"]
[BlackElo "2177"]

1.e4 c5 2.Nf3 d6 3.Bb5+ Bd7 4.Bxd7+ Qxd7 5.O-O Nf6 6.Qe2 Nc6 7.Rd1 e6 8.d4 cxd4
9.Nxd4 Be7 10.c4 O-O 11.Nc3 Nxd4 12.Rxd4 Qc6 13.b3 a6 14.Bb2 Rab8 15.Rc1 Rfd8
16.Rd3 Nd7 17.Nd5 Bf8 18.Rg3 Kh8 19.Qh5 Ne5 20.Bxe5 dxe5 21.Nf6 gxf6 22.Qxf7  1-0

[Event "1st ACP Women World Rapid Cup"]
[Site "Konya TUR"]
[Date "2009.12.03"]
[Round "9"]
[White "Klinova,M"]
[Black "Menzi,N"]
[Result "1-0"]
[WhiteElo "2305"]
[BlackElo "1847"]

1.e4 c5 2.Nf3 d6 3.Bb5+ Bd7 4.Bxd7+ Qxd7 5.c4 e5 6.Nc3 Nf6 7.d3 g6 8.Be3 Bg7
9.Qd2 O-O 10.h3 Nc6 11.O-O Nd4 12.Nh2 Nh5 13.Nd5 f5 14.Bxd4 cxd4 15.b4 f4
16.f3 Nf6 17.Ng4 Nxd5 18.exd5 Bf6 19.Nf2 a5 20.a3 axb4 21.axb4 Ra4 22.Ne4 Be7
23.Rxa4 Qxa4 24.c5 Rd8 25.Qb2 dxc5 26.bxc5 Rxd5 27.Qxb7 Qd7 28.Rb1 Qxb7 29.Rxb7 Kf8
30.c6 Ke8 31.Rb8+ Rd8 32.c7  1-0

[Event "1st ACP Women World Rapid Cup"]
[Site "Konya TUR"]
[Date "2009.12.03"]
[Round "11"]
[White "Yildiz,B"]
[Black "Kosintseva,N"]
[Result "0-1"]
[WhiteElo "2213"]
[BlackElo "2518"]

1.e4 c5 2.Nf3 d6 3.Bb5+ Nc6 4.O-O Bd7 5.Re1 Nf6 6.h3 a6 7.Bf1 g6 8.c3 Bg7
9.d4 cxd4 10.cxd4 d5 11.e5 Ne4 12.Qb3 Bc8 13.Nc3 Nxc3 14.bxc3 O-O 15.Ba3 b6
16.Bd3 Rb8 17.Rab1 Re8 18.Qa4 b5 19.Qc2 Na5 20.Bc5 Nc4 21.a4 Bd7 22.axb5 axb5
23.Ra1 Ra8 24.Qb3 e6 25.Ra2 Qc7 26.Bb4 Ra4 27.Rea1 Bf8 28.Bxf8 Rxf8 29.Qb1 Rfa8
30.Bc2 Na3 31.Qb2 Nxc2 32.Rxa4 bxa4 33.Qxc2 Kg7 34.Ne1 Bb5 35.Nd3 Bxd3 36.Qxd3 a3
37.Ra2 Qb6 38.Qc2 Qb5 39.Kh2 h5 40.h4 Ra7 41.Kg3 Qf1 42.Kh2 Qc4 43.Kg3 Qa6
44.Kh2 Qa5 45.Qb3 Qa6 46.Qc2 Qb6 47.Kg3 Ra5 48.Kh2 Rb5 49.Rxa3 Rb2 50.Qc1 Rxf2
51.Qg5 Qb2 52.Ra8 Qe2 53.Qg3 Rf5 54.Rc8 Qd2 55.Rc7 Rf1 56.Ra7 Qc1 57.Qd3 Qf4+  0-1

[Event "2nd Dragon Capital"]
[Site "Ho Chi Minh City VIE"]
[Date "2009.12.04"]
[Round "3"]
[White "Chan Wei Xuan,T"]
[Black "Nguyen Huynh Minh Huy"]
[Result "0-1"]
[WhiteElo "2344"]
[BlackElo "2500"]

1.e4 c5 2.Nf3 d6 3.Bb5+ Bd7 4.Bxd7+ Qxd7 5.O-O Nf6 6.e5 dxe5 7.Nxe5 Qc8 8.Qf3 e6
9.d3 Be7 10.Nc3 O-O 11.Bf4 Nfd7 12.Qg3 Nc6 13.Nxc6 Qxc6 14.Ne4 f5 15.Nd2 Rf6
16.Rfe1 g5 17.h4 Rg6 18.hxg5 h6 19.Nf3 hxg5 20.Be5 g4 21.Qh2 Bf6 22.Bxf6 gxf3
23.Qh8+ Kf7 24.Qxa8 Rxg2+ 25.Kh1 Nxf6 26.Rg1 Ng4  0-1

[Event "2nd Dragon Capital"]
[Site "Ho Chi Minh City VIE"]
[Date "2009.12.04"]
[Round "4"]
[White "Nguyen Hoang Nam1"]
[Black "Dang Hoang Son"]
[Result "1-0"]
[WhiteElo "2320"]
[BlackElo "2040"]

1.e4 c5 2.Nf3 d6 3.Bb5+ Bd7 4.Bxd7+ Qxd7 5.c4 e5 6.O-O g6 7.Nc3 Nc6 8.a3 O-O-O
9.b4 h5 10.d3 Bh6 11.Be3 Nd4 12.Nd5 f5 13.bxc5 Nxf3+ 14.Qxf3 f4 15.Bd2 dxc5
16.Qh3 Qxh3 17.gxh3 Bg5 18.Bc3 Re8 19.Kg2 Rh6 20.Kf3 Bd8 21.Rab1 a6 22.Rg1 Ne7
23.a4 Nc6 24.Ke2 g5 25.Rg2 Rg6 26.Rbg1 Kb8 27.f3 Ka7 28.h4 g4 29.fxg4 Bxh4
30.gxh5 Rh6 31.Rg8 Rxg8 32.Rxg8 Rxh5 33.Kf3 Bd8 34.Kg2 Ba5 35.Bxa5 Nxa5 36.Nf6 f3+
37.Kxf3 Rxh2 38.Nd7 Ra2 39.Nxc5 Ra3 40.Rg7 Ka8 41.Kg4 b6 42.Nd7 Rxd3 43.Nxb6+ Kb8
44.Nd7+ Kc8 45.Nxe5 Rd4 46.Kf5 Nxc4 47.Nxc4 Rxc4 48.a5 Rc5+ 49.e5 Rxa5 50.Kf6 Ra1
51.e6 Rf1+ 52.Ke7 Kc7 53.Ke8+ Kb6 54.e7 Kb5 55.Rg5+ Kb4 56.Re5 Rh1 57.Kd7 Rh8
58.Kc6 Re8 59.Re4+ Kc3 60.Kd7 Ra8 61.Ra4 Kb3 62.Rxa6 Rxa6 63.e8=Q Ra4 64.Kc6 Rc4+
65.Kd5 Rc2 66.Qb5+ Ka2 67.Kd4 Rb2 68.Qa4+ Kb1 69.Kc3 Rb8 70.Qd1+ Ka2 71.Qe2+ Kb1
72.Qf1+ Ka2 73.Qg2+  1-0

[Event "2nd Dragon Capital"]
[Site "Ho Chi Minh City VIE"]
[Date "2009.12.06"]
[Round "6"]
[White "Tong Thai Hung"]
[Black "Ton That Nhu Tung"]
[Result "1/2-1/2"]
[WhiteElo "2176"]
[BlackElo "2272"]

1.e4 c5 2.Nf3 d6 3.Bb5+ Bd7 4.Bxd7+ Qxd7 5.c4 g6 6.O-O Bg7 7.d4 cxd4 8.Nxd4 Nc6
9.Be3 Nf6 10.f3 O-O 11.Nc3 Nh5 12.Rc1 Be5 13.Qd2 Rfc8 14.b3 Qd8 15.Nde2 Qa5
16.Rfd1 Nf6 17.Qe1 h5 18.Qf2 Nb4 19.a4 Nc6 20.Nd5 Nxd5 21.exd5 Nb8 22.f4 Bf6
23.f5 Nd7 24.Nf4 Ne5 25.fxg6 fxg6 26.Bd4 Ng4 27.Qc2  1/2-1/2

[Event "ch-IND National A"]
[Site "Mumbai IND"]
[Date "2009.12.06"]
[Round "6"]
[White "Girinath,P"]
[Black "Thipsay,P"]
[Result "0-1"]
[WhiteElo "2378"]
[BlackElo "2466"]

1.e4 c5 2.Nf3 d6 3.Bb5+ Bd7 4.Bxd7+ Qxd7 5.O-O Nc6 6.Qe2 Nf6 7.Rd1 e6 8.c4 Be7
9.d4 cxd4 10.Nxd4 O-O 11.Nc3 a6 12.b3 Qc7 13.Bb2 Rac8 14.Rd3 Ne5 15.Rg3 Ng6
16.Rd1 Rfe8 17.Qf3 Qa5 18.Rh3 Nd7 19.Nde2 b5 20.cxb5 axb5 21.Rh5 Nde5 22.Qg3 b4
23.Na4 Qa6 24.Nd4 Nd7 25.Nb5 e5 26.Qh3 Nf6  0-1

[Event "FSIM December"]
[Site "Budapest HUN"]
[Date "2009.12.07"]
[Round "3"]
[White "Kislik,E"]
[Black "Szalanczy,E"]
[Result "1-0"]
[WhiteElo "2349"]
[BlackElo "2295"]

1.e4 c5 2.Nf3 d6 3.Bb5+ Nd7 4.d4 Nf6 5.Nc3 cxd4 6.Qxd4 e5 7.Qd3 h6 8.O-O Be7
9.Be3 O-O 10.Bc4 Nb8 11.Nh4 d5 12.exd5 e4 13.Qd1 Ng4 14.Ng6 Bd6 15.Nf4 Bf5
16.h3 Nxe3 17.fxe3 Nd7 18.Ne6 fxe6 19.dxe6 Qe7 20.exd7+ Kh8 21.Qd5 Bh7 22.Rad1 Bc7
23.Rf7 Qh4 24.Qc5 Rxf7 25.Bxf7 Qd8 26.Be8 Bg8 27.Nd5 Bxd5 28.Rxd5 Bb6 29.Qf8+ Kh7
30.Bg6+  1-0

[Event "2nd Dragon Capital"]
[Site "Ho Chi Minh City VIE"]
[Date "2009.12.08"]
[Round "9"]
[White "Chan Wei Xuan,T"]
[Black "Nguyen Thi Tuong Van"]
[Result "1-0"]
[WhiteElo "2344"]
[BlackElo "2246"]

1.e4 c5 2.Nf3 d6 3.Bb5+ Bd7 4.Bxd7+ Qxd7 5.O-O Nf6 6.e5 dxe5 7.Nxe5 Qc8 8.Qf3 e6
9.d3 Be7 10.Nc3 O-O 11.Bf4 Nfd7 12.Qg3 Nxe5 13.Bxe5 f6 14.Bxb8 Rxb8 15.Rfe1 b5
16.a4 b4 17.Nd5 Bd8 18.Ne3 b3 19.c3 Bc7 20.Qg4 Rd8 21.Qc4 Kh8 22.Ra3 Rb6
23.g3 Qa6 24.a5 Rc6 25.Rxb3 Rxd3 26.Qxa6 Rxa6 27.Rb7 Bd8 28.Nf5 g6 29.Nh6 Rd5
30.b4 cxb4 31.cxb4 Rc6 32.Rxa7 Bc7 33.Ng4 f5 34.Nf6 Rd2 35.b5 Rcc2 36.Rf1 e5
37.b6 Kg7 38.Rxc7+ Kxf6 39.Rxc2  1-0

[Event "London Classic FIDE Open"]
[Site "London ENG"]
[Date "2009.12.09"]
[Round "2"]
[White "Ferguson,M"]
[Black "Remmler,HP"]
[Result "1/2-1/2"]
[WhiteElo "2410"]
[BlackElo "2218"]

1.e4 c5 2.Nf3 d6 3.Bb5+ Nc6 4.O-O Bd7 5.Re1 a6 6.Bxc6 Bxc6 7.d4 cxd4 8.Nxd4 g6
9.Nxc6 bxc6 10.Qd4 e5 11.Qa4 Qd7 12.c4 Be7 13.Nc3 Nf6 14.Bg5 Nh5 15.Bxe7 Kxe7
16.c5 dxc5 17.Qa5 Rhd8 18.Rad1 Qe6 19.Na4 Nf4 20.Qxc5+ Kf6 21.h3 Nd3 22.Qa5 Rd4
23.Re3 Rxa4 24.Qxa4 Nxb2 25.Qc2 Nxd1 26.Qxd1 Qxa2 27.Qc1 Qa4 28.Rf3+ Kg7
29.Qg5 Qd1+ 30.Kh2 Qd6 31.Rc3 Qf6 32.Qxf6+ Kxf6 33.Rxc6+ Ke7 34.Rc5 Kd6 35.Rd5+ Ke6
36.Ra5 f6 37.Kg3 Kd6 38.f4 exf4+ 39.Kxf4 Kc6 40.g4 Kb6 41.Rd5 a5 42.Rd6+ Kc5
43.Rxf6 a4 44.Kg5 a3 45.Rf1 Kd4 46.h4 a2 47.Ra1 Ke5 48.Kh6 Ra7 49.h5 gxh5
50.gxh5 Kxe4 51.Re1+ Kd3 52.Ra1 Kc3 53.Rxa2 Rxa2 54.Kxh7 Kd4 55.h6 Ke5 56.Kg7 Rg2+
57.Kf7 Rh2 58.Kg7 Ke6 59.h7 Rg2+ 60.Kf8 Rh2  1/2-1/2

[Event "Commonwealth Open"]
[Site "Singapore SIN"]
[Date "2009.12.10"]
[Round "1"]
[White "Chan Wei Xuan,T"]
[Black "Stojic,D"]
[Result "1-0"]
[WhiteElo "2384"]
[BlackElo "2201"]

1.e4 c5 2.Nf3 d6 3.Bb5+ Bd7 4.Bxd7+ Qxd7 5.O-O Nf6 6.e5 dxe5 7.Nxe5 Qc8 8.Qf3 e6
9.d3 Be7 10.Nc3 O-O 11.Bf4 Nfd7 12.Qg3 Nc6 13.Nxc6 Qxc6 14.Ne4 Kh8 15.Rfe1 f5
16.Bg5 Bxg5 17.Nxg5 e5 18.Nf3 f4 19.Qg5 Rae8 20.Nxe5 Nxe5 21.Rxe5 Rxe5 22.Qxe5 f3
23.Qe4 Qd7 24.Re1 fxg2 25.b3 h6 26.Kxg2 Qf7 27.f3 b6 28.a4 Qf6 29.Re2 Rf7
30.Qd5 Rf8 31.Re6 Qc3 32.Re2 Qf6 33.Qh5 Kh7 34.h3 Qf4 35.Qg4 Qc1 36.Qe4+ Kh8
37.Qe3 Qd1 38.h4 Qa1 39.Qe7 Rf4 40.h5 Qf6 41.Qxf6 Rxf6 42.Re7 a5 43.Re5 g6
44.hxg6 Kg7 45.Kg3 Kxg6 46.c3 Rd6 47.d4 cxd4 48.cxd4 Kf6 49.Rh5 Ke7 50.d5 b5
51.axb5 Rb6 52.Kf4 Kd7 53.Ke5 Rxb5 54.Rxh6 Rxb3 55.Rh7+ Ke8 56.f4 Re3+ 57.Kd4 Re1
58.Ra7 Rf1 59.Ke5 Re1+ 60.Kd6 Rf1 61.Rxa5 Rxf4 62.Ra8+ Kf7 63.Kd7 Rc4 64.d6 Rc5
65.Re8 Rc1 66.Re2  1-0

[Event "Commonwealth Open"]
[Site "Singapore SIN"]
[Date "2009.12.10"]
[Round "2"]
[White "Lazarus,Be"]
[Black "Ashwin,J"]
[Result "0-1"]
[WhiteElo "2168"]
[BlackElo "2448"]

1.e4 c5 2.Nf3 d6 3.Bb5+ Nc6 4.O-O Bd7 5.c3 Nf6 6.Re1 a6 7.Ba4 b5 8.Bc2 Bg4
9.h3 Bxf3 10.Qxf3 g6 11.d3 Bg7 12.Be3 Nd7 13.Qd1 b4 14.Ba4 Rc8 15.Qc2 bxc3
16.bxc3 O-O 17.Qd2 Qa5 18.Bb3 Rb8 19.Qc2 Nd4 20.Bxd4 cxd4 21.Rc1 Rfc8 22.c4 Nc5
23.Nd2 Qc3 24.Qd1 Qxd3 25.Qe1 a5 26.Rab1 Bh6 27.Rd1 a4 28.Nf3 Qxe4 29.Qxe4 Nxe4
30.Bxa4 Nc3 31.Bb5 Nxb1 32.Rxb1 Rxc4 33.Rb3 Rc3 34.Bc4 Rbxb3 35.axb3 d3  0-1

[Event "TCh-NED 2009-10"]
[Site "Netherlands NED"]
[Date "2009.12.12"]
[Round "4"]
[White "Martens,M"]
[Black "Rijnaarts,S"]
[Result "1-0"]
[WhiteElo "2412"]
[BlackElo "2316"]

1.e4 c5 2.Nf3 d6 3.Bb5+ Bd7 4.Bxd7+ Qxd7 5.c4 Nc6 6.Nc3 g6 7.d4 cxd4 8.Nxd4 Bg7
9.Nde2 Nf6 10.O-O O-O 11.f3 Rfd8 12.Bg5 Rac8 13.Qd2 a6 14.Bxf6 Bxf6 15.Nd5 Qe6
16.Nef4 Qe5 17.Nxf6+ Qxf6 18.Nd5 Qg7 19.Nb6 Rb8 20.Rfd1 Qe5 21.b4 Kg7 22.a3 e6
23.Rac1 Ne7 24.Qe3 d5 25.Qc5 Nc8 26.cxd5 Nxb6 27.Qxb6 exd5 28.Rc5 Rbc8 29.Rxc8 Rxc8
30.Qxb7 Rc2 31.Qxd5 Qb2 32.Qd4+ Qxd4+ 33.Rxd4 Ra2 34.Rd3 h5 35.h4 f6 36.Rd7+ Kf8
37.Rd6 Rxa3 38.Rxf6+ Kg7 39.Rb6 Ra2 40.Kh2 Kf7 41.Kh3 a5 42.bxa5 Rxa5 43.Kg3 Ra2
44.Rb5 Kf6 45.Rg5  1-0

[Event "Tch-SLO League"]
[Site "Rogaska Slatina SLO"]
[Date "2009.12.13"]
[Round "5"]
[White "Stevic,H"]
[Black "Predojevic,B"]
[Result "1/2-1/2"]
[WhiteElo "2616"]
[BlackElo "2652"]

1.e4 c5 2.Nf3 d6 3.Bb5+ Bd7 4.Bxd7+ Qxd7 5.c4 Nf6 6.Nc3 g6 7.d4 cxd4 8.Nxd4 Bg7
9.h3 Qc7 10.b3 Qa5 11.Bd2 Nxe4 12.Nxe4 Qe5 13.Qb1 f5 14.Bc3 Qxe4+ 15.Qxe4 fxe4
16.Nb5 Bxc3+ 17.Nxc3 Rf8 18.O-O Rf5 19.Nxe4 Kd7 20.Rad1 Na6  1/2-1/2

[Event "Tch-SLO League"]
[Site "Rogaska Slatina SLO"]
[Date "2009.12.13"]
[Round "5"]
[White "Pavasovic,D"]
[Black "Grosar,A"]
[Result "1-0"]
[WhiteElo "2590"]
[BlackElo "2416"]

1.e4 c5 2.Nf3 d6 3.Bb5+ Bd7 4.Bxd7+ Qxd7 5.c4 Nc6 6.Nc3 g6 7.d4 cxd4 8.Nxd4 Bg7
9.Be3 Nf6 10.h3 O-O 11.O-O Rfc8 12.b3 Nxd4 13.Bxd4 b5 14.Nxb5 Nxe4 15.Bxg7 Kxg7
16.Qd4+ Nf6 17.Rad1 Qb7 18.Nc3 Qb6 19.Qd2 Rc7 20.Rfe1 Rd8 21.Re3 Qa5 22.Qb2 Kg8
23.Nb5 Rb7 24.Rxd6 Rxd6 25.Nxd6 Rd7 26.b4 Qd8 27.Ne4 Rd1+ 28.Kh2 Nxe4 29.Rxe4 Rd2
30.Qe5 Rxf2 31.Qxe7 Qd2 32.Qe8+ Kg7 33.Qe5+ Kg8 34.Qg3 Qxa2 35.c5 Qc2 36.Re7 h5
37.Qe5 Rxg2+ 38.Kh1  1-0

[Event "Open Ch-Skopje"]
[Site "Skopje MKD"]
[Date "2009.12.14"]
[Round "3"]
[White "Pancevski,F"]
[Black "Menkinoski,R"]
[Result "1/2-1/2"]
[WhiteElo "2439"]
[BlackElo "2326"]

1.e4 c5 2.Nf3 d6 3.Bb5+ Bd7 4.Bxd7+ Qxd7 5.c4 Nc6 6.Nc3 g6 7.d4 cxd4 8.Nxd4 Bg7
9.Be3 Nf6 10.f3 O-O 11.O-O Rac8 12.b3 Nh5 13.Qd2  1/2-1/2

[Event "4th Int"]
[Site "Edmonton CAN"]
[Date "2009.12.18"]
[Round "2"]
[White "Antal,Ge"]
[Black "MacKinnon,K"]
[Result "1-0"]
[WhiteElo "2495"]
[BlackElo "2125"]

1.e4 c5 2.Nf3 d6 3.Bb5+ Nd7 4.d4 Nf6 5.Nc3 cxd4 6.Qxd4 e5 7.Qd3 h6 8.Nd2 Be7
9.Nc4 O-O 10.Bxd7 Bxd7 11.O-O Be6 12.Ne3 Rc8 13.Bd2 a6 14.a4 Qc7 15.Rfd1 Rfd8
16.Be1 Bc4 17.Qd2 Qc6 18.f3 Rd7 19.Bf2 Be6 20.a5 Bd8 21.Ra3 b5 22.axb6 Bxb6
23.Rxa6 Qb7 24.Rxb6 Qxb6 25.Nc4 Qb4 26.Nb6 Rc6 27.Nxd7 Bxd7 28.Qc1 Qc4 29.Rd3 Be6
30.Qd2 Qa6 31.Qd1 Qb7 32.Qc1 Qa6 33.Be3 Qc4 34.h3 Ra6 35.Rd1 Qb4 36.Kh2 Ra8
37.Rd3 Bc4 38.Rd2 Rb8 39.Nd1 Be6 40.Rd3 Bc4 41.Bd2 Qb6 42.Rc3 Qb5 43.b3 Be6
44.Ne3 d5 45.exd5 Nxd5 46.Nxd5 Qxd5 47.Be3 e4 48.f4 Ra8 49.Rc5 Qd6 50.b4 Ra2
51.b5 g5 52.b6 Ra4 53.Qd2 Qxd2 54.Bxd2 Ra8 55.fxg5  1-0

[Event "9th Amplico Life Rapid"]
[Site "Warsaw POL"]
[Date "2009.12.19"]
[Round "2"]
[White "Rozentalis,E"]
[Black "Bakalarz,L"]
[Result "1-0"]
[WhiteElo "2611"]
[BlackElo "2137"]

1.e4 c5 2.Nf3 d6 3.Bb5+ Bd7 4.Bxd7+ Qxd7 5.d4 Nf6 6.e5 dxe5 7.Nxe5 Qc7 8.Bf4 cxd4
9.O-O Qb6 10.Nd2 Nc6 11.Qf3 Nxe5 12.Bxe5 Nd7 13.Nc4 Qc5 14.Qxb7 Rd8 15.Bc7 Qxc4
16.Rad1 e5 17.Rfe1 Qb4 18.Qc6 Qc5 19.Rxe5+ Qxe5 20.Bxe5 Bc5 21.Bxg7 Rg8 22.Re1+  1-0

[Event "9th Amplico Life Rapid"]
[Site "Warsaw POL"]
[Date "2009.12.19"]
[Round "6"]
[White "Deszczynski,A"]
[Black "Bologan,V"]
[Result "0-1"]
[WhiteElo "2352"]
[BlackElo "2692"]

1.e4 c5 2.Nf3 d6 3.Bb5+ Nd7 4.d4 Nf6 5.Nc3 a6 6.Bxd7+ Nxd7 7.Bg5 h6 8.Bh4 g5
9.Bg3 Bg7 10.O-O O-O 11.Re1 b5 12.e5 dxe5 13.dxe5 b4 14.Ne4 Qb6 15.Qd5 Ra7
16.Rad1 Bb7 17.Qc4 Ba8 18.Qe2 Qg6 19.c4 Rc8 20.h3 Nf8 21.h4 g4 22.Nh2 h5
23.Ng5 f6 24.Ne4 Qxe4 25.Qxe4 Bxe4 26.Rxe4 f5 27.Ree1 Ne6 28.Nf1 f4 29.Bh2 Rf8
30.Rd5 Rf5 31.Nd2 Rc7 32.Nb3 Kh7 33.Kh1 f3 34.Re4 Bh6 35.Bg3 Kg6 36.Kg1 Rf8
37.Nd2 Bxd2 38.Rxd2 Nd4 39.Rexd4 cxd4 40.Rxd4 a5 41.b3 a4 42.Rd5 Ra7 43.Rb5 axb3
44.axb3 Ra1+ 45.Kh2 fxg2 46.Kxg2 Rd8 47.Rxb4 Rdd1 48.Bh2 Kf5 49.c5 Rac1 50.Rf4+ Ke6
51.b4 Rd8 52.Re4 Rb8 53.Bf4 Kd5 54.Bxc1 Kxe4 55.Bd2 Kxe5 56.f3 gxf3+ 57.Kxf3 Rf8+
58.Ke3 Kd5 59.Kd3 e5 60.Be3 Rb8 61.Kc3 Rb7 62.Kb3 Rf7 63.Kc3 Rf3 64.Kd3 e4+
65.Ke2 Kc4 66.c6 Rf7 67.Bd2 Kd5 68.b5 Kc5 69.Ke3 Kxb5 70.Kxe4 Kxc6 71.Bf4 Kd7
72.Ke5 Ke7 73.Bg5+ Kf8 74.Bf6 Rb7 75.Ke6 Rb6+ 76.Kf5 Kf7 77.Bg5 Rb5+ 78.Ke4 Ke6
79.Kd4 Rb4+ 80.Kd3 Kd5 81.Bf6 Rf4 82.Bg5 Rf3+ 83.Ke2 Ke4 84.Be7 Rb3 85.Kf2 Rb2+
86.Kg3 Rb7 87.Bg5 Rf7 88.Kg2 Rb7 89.Kg3 Rb2 90.Be7 Rb3+ 91.Kg2 Kf4 92.Bg5+ Kg4
93.Kf2 Rf3+ 94.Ke2 Kg3 95.Be7 Rf5 96.Bg5 Re5+ 97.Kd3 Kf3 98.Kd4 Re1 99.Kd5 Re4
100.Kd6 Kg3 101.Kd5 Rxh4  0-1

[Event "9th Amplico Life Rapid"]
[Site "Warsaw POL"]
[Date "2009.12.19"]
[Round "8"]
[White "Muzychuk,M"]
[Black "Zhigalko,A"]
[Result "1-0"]
[WhiteElo "2447"]
[BlackElo "2600"]

1.e4 c5 2.Nf3 d6 3.Bb5+ Bd7 4.Bxd7+ Nxd7 5.d4 cxd4 6.Nxd4 Ngf6 7.Nc3 g6 8.Be3 Bg7
9.f4 O-O 10.Qf3 Rc8 11.O-O Qa5 12.Rad1 Qb4 13.Rb1 Nb6 14.a3 Qa5 15.Nb3 Qa6
16.Bd4 Na4 17.Qd3 Nxc3 18.Bxc3 Qc6 19.Rbe1 Rfd8 20.Kh1 d5 21.exd5 Rxd5 22.Qf3 e6
23.Nd2 h5 24.h3 h4 25.Rf2 Nh5 26.Bxg7 Ng3+ 27.Kh2 Kxg7 28.Ne4 Rb5 29.b3 Nf5
30.c4 Rb6 31.Qc3+ Kh6 32.Qf6 Qc7 33.Ng5 Rf8 34.Nxe6 fxe6 35.Qxf8+ Kh7 36.Qf6 Rxb3
37.Rxe6 Qg7 38.Rd2 Qxf6 39.Rxf6 Kg7 40.Re6 Rxa3 41.Re1 a5 42.Rd7+ Kf6 43.Rxb7 Ra2
44.c5 Nd4 45.Rd7 Ne2 46.Kh1 Ng3+ 47.Kh2 a4 48.c6 Rc2 49.c7 Kf5 50.Rd6 Rxc7
51.Ra6 Rc2 52.Rxa4 Kf6 53.Re5 Kf7 54.Ra6 Rf2 55.Re1 Kg7 56.Rb1 Nf1+ 57.Kg1 Rxf4
58.Rbb6 Kf7 59.Rxg6 Ke7 60.Rab6 Kf7 61.Ra6 Ke7 62.Rac6 Kf7 63.Rb6 Ng3 64.Ra6  1-0

[Event "9th Amplico Life Rapid"]
[Site "Warsaw POL"]
[Date "2009.12.19"]
[Round "8"]
[White "Rozentalis,E"]
[Black "Bologan,V"]
[Result "1-0"]
[WhiteElo "2611"]
[BlackElo "2692"]

1.e4 c5 2.Nf3 d6 3.Bb5+ Nc6 4.O-O Bd7 5.Re1 Nf6 6.h3 g6 7.c3 Bg7 8.d4 O-O
9.Bf1 cxd4 10.cxd4 d5 11.e5 Ne4 12.Nc3 Nxc3 13.bxc3 Rc8 14.Bf4 Na5 15.Qd2 f6
16.exf6 exf6 17.Rac1 g5 18.Bd6 Rf7 19.Bb4 Nc4 20.Bxc4 Rxc4 21.Qe3 a5 22.Be7 Qc7
23.Nd2 Rc6 24.Qf3 Be6 25.Ba3 f5 26.Qh5 g4 27.Nf1 Qd7 28.hxg4 fxg4 29.Ng3 Rf6
30.Re5 Rh6 31.Qg5 Rg6 32.Qh5 Bxe5 33.Qxe5 Qc7 34.Qe3 Bf7 35.Nf5 Rce6 36.Qd2 h6
37.g3 Rgf6 38.Ne3 Re4 39.c4 dxc4 40.d5 b5 41.Bb2 Qb6 42.Qc3 Bxd5 43.Qxf6 Qxf6
44.Bxf6 Be6 45.Bd8 a4 46.a3 b4 47.axb4 a3 48.Bf6 c3 49.Bxc3 a2 50.Rd1 Bb3
51.Rd4 Re7 52.Rxg4+ Kf8 53.Rf4+ Ke8 54.Rf5 Rc7 55.Rc5 Ra7 56.Ba1 Ra4 57.Nc2 Ra7
58.Nd4 Bf7 59.Kf1 Ra4 60.Nc2 Ra6 61.Ke2 Rd6 62.b5 Rb6 63.Kd2  1-0

[Event "9th Amplico Life Rapid"]
[Site "Warsaw POL"]
[Date "2009.12.19"]
[Round "8"]
[White "Wandzik,W"]
[Black "Swiercz,D"]
[Result "1-0"]
[WhiteElo "2092"]
[BlackElo "2493"]

1.e4 c5 2.Nf3 d6 3.Bb5+ Bd7 4.Bxd7+ Nxd7 5.O-O Ngf6 6.Qe2 e6 7.c3 Be7 8.d4 cxd4
9.cxd4 d5 10.e5 Ne4 11.Nbd2 Nxd2 12.Bxd2 O-O 13.Rac1 a6 14.Rc3 Nb8 15.h4 Bxh4
16.Nxh4 Qxh4 17.Rh3 Qe4 18.Qh5 Nd7 19.Rg3 Kh8 20.Qg5 Rg8 21.Qe7 Nf8 22.Qxb7 Ng6
23.Qxf7 Rae8 24.Qf3 Qxd4 25.Bc3 Qf4 26.Qh5 Qh4 27.Qe2 Rgf8 28.Bd2 Qc4 29.Qxc4 dxc4
30.Bc3 Nf4 31.Re1 Nd3 32.Re2 Rc8 33.Rg4 Rc6 34.Ree4 Rfc8 35.Rd4 Nxe5 36.Rg3 Ng6
37.Rd7 e5 38.f4 R6c7 39.Rxc7 Rxc7 40.fxe5 Rc6 41.Rg4 Kg8 42.e6 Rxe6 43.Rxc4 h5
44.Rc7 Ne7 45.Rc5 g6 46.a4 Nf5 47.Rc7 h4 48.b4 Ng3 49.Kh2 Nh5 50.b5 Nf4 51.Rc8+ Kf7
52.Bb4 Nd3 53.Rc7+ Kg8 54.Bc3 Nf4 55.Bd2 Nh5 56.Rc6 Ng7  1-0

[Event "9th Amplico Life Rapid"]
[Site "Warsaw POL"]
[Date "2009.12.20"]
[Round "11"]
[White "Deszczynski,A"]
[Black "Jakubowski,K"]
[Result "1-0"]
[WhiteElo "2352"]
[BlackElo "2502"]

1.e4 c5 2.Nf3 d6 3.Bb5+ Bd7 4.Bxd7+ Nxd7 5.O-O Ngf6 6.Re1 Rc8 7.c3 e6 8.d4 cxd4
9.cxd4 d5 10.e5 Ne4 11.Nbd2 Nxd2 12.Bxd2 Be7 13.Bf4 O-O 14.Qd3 Qb6 15.Bg5 Rfe8
16.Bxe7 Rxe7 17.Rac1 Rxc1 18.Rxc1 Qxb2 19.Rc8+ Nf8 20.g3 h6 21.a3 Qb6 22.Qc2 Rd7
23.Qa4 Qb1+ 24.Kg2 b5 25.Qb4 Qxb4 26.axb4 f6 27.Ne1 a5 28.bxa5 Ra7 29.Nd3 Rxa5
30.Nf4 Kf7 31.Rc7+ Ke8 32.Rxg7 fxe5 33.dxe5 Nd7 34.Nxe6 Nxe5 35.Rb7 Nd3 36.Rxb5 Ra2
37.Rxd5 Nxf2 38.Kf3 Kf7 39.Nf4 Nh1 40.Ne2 Ra3+ 41.Kg2 Ra2 42.Re5 Kf6 43.Re3 Nxg3
44.Kxg3 Ra1 45.h4 Kg6 46.Re5 Ra3+ 47.Kf2 Ra2 48.h5+ Kf6 49.Rb5 Ra3 50.Ng3 Rd3
51.Ne4+ Kg7 52.Rb7+ Kh8 53.Rb6 Kg7 54.Rg6+  1-0

[Event "9th Amplico Life Rapid"]
[Site "Warsaw POL"]
[Date "2009.12.20"]
[Round "11"]
[White "Wandzik,W"]
[Black "Mikrut,D"]
[Result "1-0"]
[WhiteElo "2092"]
[BlackElo "2400"]

1.e4 c5 2.Nf3 d6 3.Bb5+ Bd7 4.Bxd7+ Nxd7 5.O-O Ngf6 6.Qe2 e6 7.c3 Be7 8.d4 cxd4
9.cxd4 d5 10.e5 Ne4 11.Be3 O-O 12.Ne1 f5 13.exf6 Bxf6 14.f3 Nd6 15.Bf2 Re8
16.Nc3 Nb6 17.Nd3 Nbc4 18.Ne5 Rc8 19.Rfe1 a6 20.Na4 Bxe5 21.dxe5 Nf7 22.Bd4 b5
23.Nc3 Na5 24.Rac1 Nc6 25.Qe3 Nxd4 26.Qxd4 Rc4 27.Qa7 Qa8 28.Qxa8 Rxa8 29.b3 Rc5
30.f4 g5 31.Ne2 Rxc1 32.Rxc1 gxf4 33.Nxf4 Nxe5 34.Re1 Ng4 35.h3 Nf6 36.Rxe6 Kf7
37.Rb6 Rd8 38.Rxa6 d4 39.Nd3 Ne4 40.a4 bxa4 41.Rxa4 Ke6 42.Ra5 Kf6 43.g4 Nc3
44.Rf5+ Kg7 45.h4 Ra8 46.Nf4 Ra2 47.Ne6+ Kg6 48.h5+  1-0

[Event "9th Amplico Life Rapid"]
[Site "Warsaw POL"]
[Date "2009.12.20"]
[Round "13"]
[White "Maier,C"]
[Black "Jakubowski,K"]
[Result "1/2-1/2"]
[WhiteElo "2350"]
[BlackElo "2502"]

1.e4 c5 2.Nf3 d6 3.Bb5+ Nd7 4.c3 Nf6 5.d3 g6 6.O-O Bg7 7.Re1 a6 8.Ba4 O-O
9.h3 e5 10.Nbd2 Nh5 11.Nf1 h6 12.d4 b5 13.Bc2 cxd4 14.cxd4 Nf4 15.Be3 Qe7
16.Rc1 Nf6 17.dxe5 dxe5 18.Bxf4 exf4 19.e5 Nh5 20.N1h2 Rd8 21.Qe2 Be6 22.b3 Qa7
23.Kh1 Rac8 24.Be4 Bf8 25.Ng4 Bc5 26.Kh2 Kg7 27.Rc2 Bb6 28.Rec1 Rxc2 29.Rxc2 b4
30.Rc6 a5 31.Nh4 Bxf2 32.Qxf2 Qxf2 33.Nxf2 Ng3 34.Nf3 a4 35.Rb6 Rc8 36.bxa4 Rc1
37.Rxb4 Nf1+ 38.Kg1 Ng3+ 39.Kh2 Nf1+  1/2-1/2

[Event "9th Amplico Life Rapid"]
[Site "Warsaw POL"]
[Date "2009.12.20"]
[Round "13"]
[White "Rozentalis,E"]
[Black "Szelag,M"]
[Result "1-0"]
[WhiteElo "2611"]
[BlackElo "2456"]

1.e4 c5 2.Nf3 d6 3.Bb5+ Nc6 4.O-O Bd7 5.Re1 Nf6 6.h3 a6 7.Bf1 e5 8.c3 Be7
9.d4 O-O 10.Na3 b5 11.Nc2 h6 12.d5 Na7 13.Nxe5 dxe5 14.d6 Bc6 15.dxe7 Qxe7
16.f3 Rfd8 17.Qe2 Nh5 18.Qf2 Nf4 19.Be3 Ne6 20.Rad1 Bb7 21.b4 Rdc8 22.bxc5 Nxc5
23.Nb4 Rc7 24.Rd2 Re8 25.Red1 Nc8 26.Bxc5 Qxc5 27.Qxc5 Rxc5 28.Rd7 Ba8 29.Nxa6 Rxc3
30.Nc7 Rxc7 31.Rxc7 Nb6 32.Bxb5 Rb8 33.a4 Kf8 34.a5 Nd5 35.exd5  1-0